00383nam a2200109Ia 4500008004100000100001700041245006600058260001100124260000900135999001100144952011800155170523s9999 xx 000 0 und d aTHENGADI- DB 0aCONSUMER :A SOVEREIGN WINFORMATION TECHNOLOGYHOUT SOVEREIGNTY bNAGPUR c1986 c58d58 00102ddc4070a01b01d2017-05-30fDept. MBAp01-B-229r2017-05-30uORGANIZATIONAL BEHAVIOURw2017-05-30y02z